| 000 | 00684nam a22002057a 4500 | ||
|---|---|---|---|
| 003 | OSt | ||
| 005 | 20230201124411.0 | ||
| 008 | 221006b |||||||| |||| 00| 0 eng d | ||
| 040 | _cBiblioteca Lado V | ||
| 082 |
_aCR861 _bV759p |
||
| 100 |
_9711 _aVilloro, Juan _eautor |
||
| 245 | _aEl puño en alto/ | ||
| 260 |
_aCosta Rica _c2017 _bGabriel Dumani |
||
| 300 |
_c13x18cm _a22p. |
||
| 650 | 0 |
_2Tesauro de Arte & Arquitectura _aLITERATURA _9702 |
|
| 650 |
_2Tesauro de Arte & Arquitectura _aARTE |
||
| 650 |
_2Tesauro de Arte & Arquitectura _aPOESIA |
||
| 650 |
_2Tesauro de Arte & Arquitectura _aLITERATURA COSTARRICENSE |
||
| 942 |
_2ddc _c1 _hCR861 _iV759p _n0 |
||
| 999 |
_c3010 _d3010 |
||